1308 1652 1445 1336 1446 1730 1897 1907 1542 1694 1595 1093 1599 1740 1638 1177 1262 1300 1140 1487 1559 1324 1280 1271 1985 1910 1496 1236 1868 1798 1002 1451 1806 1972 1387 1532 1675 1401 1087 1779 1637 1652 1692 1228 1865 1065 1001 1131 1268 1753 1561 1601 1141 1192 1675 1301 1659 1445 1841 1911 1700 1573 1494 1509 1807 1417 1546 1604 1020 1917 1767 1006 1169 1776 1125 1717 1664 1527 1994 1920 1297 1168 1354 1531 1569 1070 1665 1762 1529 1845 1225 1480 1851 1046 1043 1645 1302 1183 1587 BCNSPRNW ULIB Ver.6.0+V

เปลี่ยนเป็นภาษาไทย

Change to English
 แสดงรายละเอียดบรรณานุกรม
  กลับหน้าหลัก

Brief Record : Get Marc (ISO 2709) : E-mail record : QR code < ปิดหน้าต่าง
LEADER : 00000nam 2200000uu 4500
001    13399108061
003     ULIB
008    110216s2552||||th 000 0 tha d
020    9789741112562 ล.2
060 04 WY159^bต3672552 ล. 2
245 00 ตำราการพยาบาลเด็ก เล่ม 2 /^cโดยคณาจารย์ภาควิชาการพยาบาลกุมารเวชศาสตร์ คณะพยาบาลศาสตร์ มหาวิทยาลัยมหิดล ; บุญเพียร จันทวัฒนา ... [และคนอื่นๆ]
250    พิมพ์ครั้งที่ 1 (ฉบับปรับปรุงครั้งที่ 1)
260    กรุงเทพฯ :^bภาควิชาการพยาบาลกุมารเวชศาสตร์ คณะพยาบาลศาสตร์มหาวิทยาลัยมหิดล,^c2552
300    2 เล่ม. 633หน้า :^bภาพประกอบ ;^c30 ซม.
650  7 การพยาบาลกุมารเวชศาสตร์
650  7 การพยาบาลเด็ก
700 0  บุญเพียร จันทวัฒนา,^eบรรณาธิการ
710 2  มหาวิทยาลัยมหิดล. ^bคณะพยาบาลศาสตร์.^bภาควิชาการพยาบาลกุมารเวชศาสตร์
945    ^p400^l0^i025837
945    ^p400^l0^i025836
945    ^p400^l0^i025835
945    ^p400^l0^i025834
945    ^p400^l0^i025832
945    ^p400^l0^i025833
995    เกษร
999 ^a ใช้งานได้ทุกระบบ
รายการนี้ยังไม่มีแท็ก
คุณยังไม่ได้ล็อกอิน คุณสามารถมีกิจกรรมร่วมกับเว็บไซต์ได้ แต่ต้องล็อกอินก่อน ::
  ล็อกอิน

รายการสื่อสารสนเทศ

ลำดับที่ ประเภท เลขเรียก/บาร์โค้ด สถานที่ สถานะ
1. วิทยาศาสตร์การแพทย์ และสุขภาพ
วิทยาศาสตร์การแพทย์ และสุขภาพ
WY159 ต3672552 ล. 2 ฉ.5 
  Barcode: 025836
ห้องสมุดวิทยาเขตสวรรค์ประชารักษ์
►ส่วนจัดเก็บหนังสือเก่า สปร
บนชั้น
  ขอยืม

รายการใกล้เคียง
    หัวเรื่อง [การพยาบาลกุมารเวชศาสตร์]
    หัวเรื่อง [การพยาบาลเด็ก]

BibComment


ยังไม่เคยถูกคอมเมนท์

คอมเมนท์ทรัพยากรรายการนี้
  คอมเมนท์: ตำราการพยาบาลเด็ก..


 Copyright 2026. Bcnsprnw @Library